Identify the Literary Device - Statistics

General Stats
  • This quiz has been taken 264 times
  • The average score is 9 of 15
Answer Stats
Example Answer Literary Devices % Correct
His eyes were as blue as the clear skies. Simile Simile
97%
The trees were hunched over and shivering against the violent gale. Personification Personification
82%
It was so cold that I froze solid as soon as I stepped outside. Hyperbole Hyperbole
68%
She was a cool breeze on a hot sunny day. Metaphor Metaphor
67%
Ben brought the ball in a big brown basket. Alliteration Alliteration
66%
Outside the windows, the birds chirped, tweeted and tittered. Onomatopoeia Onomatopoeia
66%
I wouldn't eat that tuna if I were you, it looks a bit fishy. Pun Pun
65%
Today I burnt my breakfast, lost my wallet on the train, and spilled coffee all over my shirt. Clearly, I was having an excellent day. Irony Irony
62%
In our garden grew the red rose of love. Symbolism Symbolism
62%
The men from the glen put the hen into her pen. Rhyme Rhyme
59%
We are alone together. Oxymoron Oxymoron
54%
A man, a plan, a canal, Panama. Palindrome Palindrome
48%
Getting the kids onto the school bus was like herding cats. Analogy Analogy
47%
Procrastination really is their Achilles's Heel. Allusion Allusion
42%
Tonight, we dance. Tonight, we drink, Tonight, we celebrate. Anaphora Anaphora
42%
No matching quizzes found
Score Distribution
Percent of People with Each Score
Percentile by Number Answered
Your Score History
You have not taken this quiz